[Event "Kiel op-B 29th"]
[Site "Kiel"]
[Date "2016.07.31"]
[Round "3"]
[White "Dao, Joerg"]
[Black "Aksut, Onder"]
[Result "0-1"]
[WhiteElo "1460"]
[BlackElo "1653"]
[PlyCount "52"]
[EventDate "2016.07.30"]
[EventType "swiss"]
[EventRounds "9"]
[EventCountry "GER"]
[SourceTitle "EXT 2017"]
[Source "ChessBase"]
[SourceDate "2016.10.25"]
[SourceVersion "1"]
[SourceVersionDate "2016.10.25"]
[SourceQuality "1"]

1. d4 d5 2. Nc3 c5 3. dxc5 d4 4. Ne4 Bf5 5. Qd3 Nc6 6. f3 e5 7. Qb5 Bxe4 8. fxe4 Qh4+ 9. Kd1 0-0-0 10. b4 Nf6 11. Nf3 Qxe4 12. Bg5 Nd5 13. Qc4 Be7 14. Bxe7 Ne3+ 15. Kc1 Nxc4 16. Bxd8 Ne3 17. Ne1 Rxd8 18. Nd3 Qf5 19. Kb2 e4 20. b5 Na5 21. g4 Qf6 22. g5 Nac4+ 23. Kc1 Qxg5 24. Bh3+ Kb8 25. Nb4 Nd5+ 26. Kb1 Nc3# 0-1

[Event "Lueneburg op-B"]
[Site "Lueneburg"]
[Date "2015.08.23"]
[Round "9"]
[White "Hoffmann, Daniela"]
[Black "Dao, Joerg"]
[Result "0-1"]
[WhiteElo "1434"]
[BlackElo "1465"]
[PlyCount "146"]
[EventDate "2015.08.15"]
[EventType "swiss"]
[EventRounds "9"]
[EventCountry "GER"]
[SourceTitle "EXT 2016"]
[Source "ChessBase"]
[SourceDate "2015.10.08"]
[SourceVersion "1"]
[SourceVersionDate "2015.10.08"]
[SourceQuality "1"]

1. d4 d5 2. Nf3 f6 3. c4 c6 4. e3 Be6 5. cxd5 Bxd5 6. Nc3 Bf7 7. Be2 e6 8. a3 g5 9. h3 h5 10. Bd3 Bd6 11. Ne2 Nd7 12. e4 Be7 13. Be3 b5 14. b4 a5 15. Bd2 axb4 16. Bxb4 Bxb4+ 17. axb4 Rxa1 18. Qxa1 Nb6 19. Nd2 Ne7 20. Nb3 Na4 21. 0-0 0-0 22. Rd1 Qb8 23. d5 e5 24. Nc5 Nxc5 25. bxc5 cxd5 26. Qb1 b4 27. Bc2 d4 28. Bb3 Qb5 29. Bxf7+ Kxf7 30. Qb3+ Kg7 31. Nc1 Qxc5 32. Nd3 Qc3 33. Qxb4 Qxb4 34. Nxb4 Rc8 35. g4 h4 36. Kf1 Ng6 37. Nd5 Kf7 38. Rb1 Ne7 39. Rb7 Re8 40. Ke2 Ke6 41. Nc7+ Kf7 42. Nxe8 Kxe8 43. Rb8+ Kd7 44. Rb6 Ng8 45. Kd3 Ke7 46. Kc4 Kf7 47. Rb7+ Ke6 48. Kc5 Nh6 49. Rb6+ Ke7 50. Kd5 Ng8 51. Rb7+ Ke8 52. Ke6 Kf8 53. Rb8+ Kg7 54. Kd7 Kf7 55. Kd8 Ke6 56. Kc7 Ne7 57. Rb6+ Kf7 58. Kd6 Nc8+ 59. Kc6 Nxb6 60. Kxb6 d3 61. f4 gxf4 62. g5 fxg5 63. Kc6 Kf6 64. Kc5 d2 65. Kb4 d1Q 66. Kc3 Qf3+ 67. Kd2 Qxh3 68. Ke2 Qe3+ 69. Kf1 Qxe4 70. Kf2 g4 71. Kg1 Qc2 72. Kf1 g3 73. Ke1 f3 0-1

[Event "Kiel op-B 27th"]
[Site "Kiel"]
[Date "2014.08.02"]
[Round "1"]
[White "Kollhoff, Josef"]
[Black "Dao, Joerg"]
[Result "1-0"]
[WhiteElo "1741"]
[BlackElo "1426"]
[PlyCount "156"]
[EventDate "2014.08.02"]
[EventType "swiss"]
[EventRounds "9"]
[EventCountry "GER"]
[SourceTitle "CBM 161 Extra"]
[Source "ChessBase"]
[SourceDate "2014.08.29"]
[SourceVersion "1"]
[SourceVersionDate "2014.08.29"]
[SourceQuality "1"]

1. d4 d5 2. Nf3 f6 3. e3 a6 4. c4 c6 5. Nc3 Be6 6. c5 Bf7 7. a4 e6 8. a5 g5 9. Be2 Bg7 10. 0-0 g4 11. Nh4 f5 12. g3 Bf6 13. Ng2 h5 14. f3 Nh6 15. fxg4 hxg4 16. Nf4 Kd7 17. Na4 Kc7 18. Nb6 Ra7 19. Rf2 Nd7 20. Bd2 Qg8 21. Bc3 Kd8 22. Qb3 Ke7 23. Bd3 Nxb6 24. Qxb6 Qb8 25. Ra3 Rd8 26. Rb3 Bg5 27. Rf1 Bxf4 28. exf4 Kf6 29. Ra1 Be8 30. Ra4 Rc8 31. Rab4 Qa8 32. Ra4 Nf7 33. Qb4 Nd8 34. Qa3 Qb8 35. Rb6 Qc7 36. Qa1 Bh5 37. Qe1 Nf7 38. Rb3 Nh6 39. Rab4 Nf7 40. Bd2 Rca8 41. Bf1 Rb8 42. Rb6 Rba8 43. Re3 Re8 44. Reb3 Nd8 45. Bd3 Bg6 46. Bf1 Rh8 47. Re3 Qh7 48. Re2 Qc7 49. Rf2 Rh6 50. Qe5+ Qxe5 51. fxe5+ Kg7 52. Bxh6+ Kxh6 53. h3 Kg5 54. Rb3 Nf7 55. hxg4 Kxg4 56. Rh2 Kg5 57. Be2 Nh6 58. Kg2 Nf7 59. Rh4 Nh6 60. Kh3 Nf7 61. Bd3 Nh6 62. Be2 Nf7 63. Rf4 Nh6 64. Rf1 Nf7 65. Rf4 Nh6 66. Rf2 Bh7 67. Rg2 Bg6 68. g4 f4 69. Rf2 Be4 70. Bf3 Bg6 71. Rg2 Nf7 72. Rg1 Nh6 73. Be2 Be4 74. Rf1 Nf7 75. Bd3 Bxd3 76. Rxd3 Nh6 77. Rdf3 Ra8 78. Rxf4 Nxg4 1-0